[Event "Bodensee op"]
[Site "Bregenz"]
[Date "2017.05.28"]
[Round "9"]
[White "Malakhatko, Vadim"]
[Black "Cunningham, Robin J"]
[Result "1-0"]
[WhiteElo "2487"]
[BlackElo "2255"]
[PlyCount "105"]
[EventDate "2017.05.20"]
[EventType "swiss"]
[EventRounds "9"]
[EventCountry "AUT"]
[SourceTitle "CBM 178 Extra"]
[Source "ChessBase"]
[SourceDate "2017.06.22"]
[SourceVersion "1"]
[SourceVersionDate "2017.06.22"]
[SourceQuality "1"]

1. c4 e6 2. g3 d5 3. Bg2 Nf6 4. Nf3 Be7 5. 0-0 0-0 6. d4 dxc4 7. Ne5 Nc6 8. Nxc6 bxc6 9. Na3 Bxa3 10. bxa3 Ba6 11. Qd2 Rb8 12. Qa5 Rb6 13. a4 Qd6 14. e4 Qb4 15. Qxb4 Rxb4 16. Ba3 Rxa4 17. Bxf8 Kxf8 18. Rfc1 Ra3 19. Bf1 Nxe4 20. Bxc4 Bb5 21. Rc2 Nc3 22. Rac1 Nd5 23. Bxd5 exd5 24. Re1 a5 25. Re3 Ra4 26. Rd2 Rb4 27. Rd1 g6 28. h3 Ba4 29. Rd2 Bb5 30. g4 h6 31. Rd1 Ba4 32. Rd2 Bb5 33. Kg2 Rc4 34. Kg3 c5 35. dxc5 Rxc5 36. f3 c6 37. h4 Rc1 38. g5 h5 39. a4 Bxa4 40. Ra3 Rc4 41. Rda2 Bc2 42. Rxa5 Ke7 43. Ra7+ Ke6 44. Ra1 d4 45. Re1+ Kd6 46. Rxf7 d3 47. Rf6+ Kd7 48. Rf7+ Kd6 49. Rf6+ Kd7 50. Ra1 d2 51. Ra7+ Ke8 52. Re6+ Kf8 53. Ra8+ 1-0

[Event "Bodensee op"]
[Site "Bregenz"]
[Date "2017.05.20"]
[Round "1"]
[White "Haemmerle, Dietmar"]
[Black "Cunningham, Robin J"]
[Result "0-1"]
[WhiteElo "1848"]
[BlackElo "2255"]
[PlyCount "64"]
[EventDate "2017.05.20"]
[EventType "swiss"]
[EventRounds "9"]
[EventCountry "AUT"]
[SourceTitle "CBM 178 Extra"]
[Source "ChessBase"]
[SourceDate "2017.06.22"]
[SourceVersion "1"]
[SourceVersionDate "2017.06.22"]
[SourceQuality "1"]

1. c4 e6 2. Nc3 d5 3. cxd5 exd5 4. d4 c6 5. Nf3 Bd6 6. g3 Bf5 7. Bg2 Nf6 8. Bg5 Nbd7 9. 0-0 h6 10. Bd2 0-0 11. Re1 Re8 12. Qc1 Qc7 13. a3 a5 14. b3 Ne4 15. Nh4 Bh7 16. Bxe4 Bxe4 17. Nxe4 Rxe4 18. Nf5 h5 19. f3 Re6 20. Nxd6 Qxd6 21. Qc2 h4 22. Kf2 Qe7 23. Qc1 Re8 24. e3 Qf6 25. Bxa5 hxg3+ 26. hxg3 Qh6 27. f4 Qh2+ 28. Kf3 Rg6 29. Rg1 Nf6 30. Bd2 Qh5+ 31. Kf2 Ne4+ 32. Kf1 Qf3+ 0-1

[Event "PRO League Stage"]
[Site "Chess.com INT"]
[Date "2017.02.22"]
[Round "7"]
[White "Cunningham, Robin J"]
[Black "Paragua, Mark"]
[Result "0-1"]
[WhiteElo "2263"]
[BlackElo "2492"]
[PlyCount "72"]
[EventDate "2017.01.11"]
[EventType "team-swiss (rapid)"]
[EventRounds "7"]
[EventCountry "USA"]
[SourceTitle "EXT 2018"]
[Source "ChessBase"]
[SourceDate "2017.10.13"]
[SourceVersion "1"]
[SourceVersionDate "2017.10.13"]
[SourceQuality "1"]
[WhiteTeam "Carolina Cobras"]
[BlackTeam "New York Knights"]
[WhiteTeamCountry "USA"]
[BlackTeamCountry "USA"]

1. e4 c5 2. Nf3 d6 3. d4 cxd4 4. Qxd4 Nc6 5. Bb5 Qd7 6. Qd3 a6 7. Bxc6 bxc6 8. c4 e5 9. Nc3 Nf6 10. c5 a5 11. Bg5 Ba6 12. Qd2 Qe6 13. cxd6 Bxd6 14. 0-0-0 Rd8 15. Qe3 0-0 16. Qb6 Bb5 17. Bxf6 Qxf6 18. Nxb5 cxb5 19. Kb1 Qg6 20. Qxb5 Qxg2 21. Qe2 Qg4 22. Rhg1 Qf4 23. Rd5 Bb4 24. Rgd1 Rxd5 25. Rxd5 f5 26. Nxe5 fxe4 27. a3 Be7 28. Qc4 Kh8 29. Rxa5 Qxf2 30. Ra8 g6 31. Rxf8+ Bxf8 32. Qxe4 Qf6 33. Nd7 Qf1+ 34. Ka2 Qf7+ 35. Kb1 Qxd7 36. Qe5+ Kg8 0-1

[Event "PRO League Stage"]
[Site "Chess.com INT"]
[Date "2017.02.11"]
[Round "5"]
[White "Dhulipalla, Bala Chandra Prasad"]
[Black "Cunningham, Robin J"]
[Result "1-0"]
[WhiteElo "2353"]
[BlackElo "2263"]
[PlyCount "117"]
[EventDate "2017.01.11"]
[EventType "team-swiss (rapid)"]
[EventRounds "7"]
[EventCountry "USA"]
[SourceTitle "CBM 176 Extra"]
[Source "ChessBase"]
[SourceDate "2017.03.02"]
[SourceVersion "1"]
[SourceVersionDate "2017.03.02"]
[SourceQuality "1"]
[WhiteTeam "Amaravati Yodhas"]
[BlackTeam "Carolina Cobras"]
[WhiteTeamCountry "IND"]
[BlackTeamCountry "USA"]

1. d4 d5 2. Bf4 c5 3. e3 Nc6 4. c3 Nf6 5. Nd2 e6 6. Ngf3 Bd6 7. Bg3 0-0 8. Bd3 b6 9. Qe2 Bb7 10. Rd1 Qe7 11. Ne5 Bxe5 12. dxe5 Nd7 13. Nf3 f6 14. exf6 Nxf6 15. Ne5 Nxe5 16. Bxe5 Qf7 17. 0-0 Rad8 18. h3 Qh5 19. Qxh5 Nxh5 20. g4 Nf6 21. f3 Nd7 22. Bc7 Rde8 23. Bb5 Rf7 24. e4 Rc8 25. Bg3 a6 26. exd5 exd5 27. Bd3 Re8 28. Rde1 Rfe7 29. Rxe7 Rxe7 30. Bd6 Re6 31. Bc7 b5 32. Bf5 Rc6 33. Bg3 Nf8 34. Re1 g6 35. Bd3 Re6 36. Rxe6 Nxe6 37. Bd6 c4 38. Be2 d4 39. f4 d3 40. Bd1 Kf7 41. h4 h6 42. Kf2 Kf6 43. Ke3 g5 44. Be5+ Ke7 45. fxg5 hxg5 46. h5 Kf7 47. b3 Bd5 48. bxc4 bxc4 49. Ba4 Kg8 50. Bd7 Kf7 51. Bc8 a5 52. Bd7 Kg8 53. Bf6 Kf7 54. Be5 Kg8 55. Be8 d2 56. Kxd2 Bf3 57. Bg6 Bxg4 58. h6 Nf8 59. Be4 1-0

[Event "PRO League Atlantic"]
[Site "Chess.com INT"]
[Date "2017.01.18"]
[Round "2"]
[White "Cunningham, Robin J"]
[Black "Wang, Jason"]
[Result "1/2-1/2"]
[WhiteElo "2263"]
[BlackElo "2006"]
[PlyCount "46"]
[EventDate "2017.01.11"]
[EventType "team-swiss (rapid)"]
[EventRounds "7"]
[EventCountry "USA"]
[SourceTitle "CBM 176 Extra"]
[Source "ChessBase"]
[SourceDate "2017.03.02"]
[SourceVersion "1"]
[SourceVersionDate "2017.03.02"]
[SourceQuality "1"]
[WhiteTeam "Carolina Cobras"]
[BlackTeam "Columbus Cardinals"]
[WhiteTeamCountry "USA"]
[BlackTeamCountry "USA"]

1. c4 e5 2. g3 Nc6 3. Bg2 Bc5 4. e3 d6 5. Ne2 a6 6. d4 exd4 7. exd4 Ba7 8. 0-0 Nge7 9. Nbc3 0-0 10. Bf4 Bg4 11. h3 Bh5 12. Qd2 Qd7 13. Rfe1 Bg6 14. b3 Rfe8 15. Rad1 Rab8 16. Be3 Nf5 17. g4 Nxe3 18. fxe3 h6 19. Nf4 Bh7 20. Nh5 Bg6 21. Nf4 Bh7 22. Nh5 Bg6 23. Nf4 Bh7 1/2-1/2

[Event "Hastings Masters op 92nd"]
[Site "Hastings"]
[Date "2017.01.01"]
[Round "5"]
[White "Gledura, Benjamin"]
[Black "Cunningham, Robin J"]
[Result "1-0"]
[WhiteElo "2584"]
[BlackElo "2263"]
[PlyCount "95"]
[EventDate "2016.12.28"]
[EventType "swiss"]
[EventRounds "9"]
[EventCountry "ENG"]
[SourceTitle "CBM 176 Extra"]
[Source "ChessBase"]
[SourceDate "2017.03.02"]
[SourceVersion "1"]
[SourceVersionDate "2017.03.02"]
[SourceQuality "1"]

1. Nf3 d5 2. g3 Nf6 3. Bg2 e6 4. 0-0 Be7 5. c4 0-0 6. d4 dxc4 7. Qc2 a6 8. a4 Bd7 9. Qxc4 Bc6 10. Bg5 a5 11. e3 Ra6 12. Qc2 Rb6 13. Nbd2 Na6 14. Bxf6 gxf6 15. Nc4 Nb4 16. Qe2 Ra6 17. Rfc1 Be4 18. Ne1 Bxg2 19. Nxg2 c6 20. Nf4 Nd5 21. Nd3 Ra8 22. Rd1 f5 23. Rac1 Kh8 24. Nc5 b6 25. Nd3 Rc8 26. Qf3 Qe8 27. b3 c5 28. Nf4 Nxf4 29. Qxf4 Qc6 30. Ne5 Qe4 31. Qxe4 fxe4 32. d5 exd5 33. Rxd5 Kg7 34. Rcd1 Rfd8 35. Nc4 Rxd5 36. Rxd5 Rd8 37. Rxd8 Bxd8 38. Nd6 Kf6 39. Nxe4+ Ke5 40. Nd2 Kd5 41. Kf1 c4 42. Nxc4 b5 43. axb5 a4 44. Ke2 axb3 45. Kd3 Bf6 46. Nd2 b2 47. Kc2 Kc5 48. Ne4+ 1-0

[Event "Hastings Masters op 91st"]
[Site "Hastings"]
[Date "2016.01.02"]
[Round "6"]
[White "Hebden, Mark"]
[Black "Cunningham, Robin J"]
[Result "1-0"]
[WhiteElo "2469"]
[BlackElo "2205"]
[PlyCount "97"]
[EventDate "2015.12.28"]
[EventType "swiss"]
[EventRounds "9"]
[EventCountry "ENG"]
[SourceTitle "CBM 170 Extra"]
[Source "ChessBase"]
[SourceDate "2016.02.25"]
[SourceVersion "1"]
[SourceVersionDate "2016.02.25"]
[SourceQuality "1"]

1. d4 f5 2. Nf3 Nf6 3. g3 g6 4. Bg2 Bg7 5. 0-0 0-0 6. c4 d6 7. Nc3 Nc6 8. d5 Na5 9. Qa4 c5 10. dxc6 Nxc6 11. Rd1 Kh8 12. c5 d5 13. Bg5 Be6 14. Ne1 Ne4 15. Nxe4 fxe4 16. Bxe4 Qe8 17. Bg2 Qf7 18. Nf3 h6 19. Be3 g5 20. Rd2 Rad8 21. Rf1 a6 22. h4 g4 23. Nd4 Bd7 24. Nxc6 bxc6 25. Rdd1 e5 26. Bd2 Rb8 27. b3 Qe7 28. Bc1 a5 29. Qxa5 Ra8 30. Qc3 Rxa2 31. Rd2 e4 32. Qe3 Rfa8 33. b4 Qe5 34. Qb3 Rxd2 35. Bxd2 d4 36. Bf4 Qe8 37. Rc1 Be6 38. Qc2 Bd5 39. b5 cxb5 40. c6 Rc8 41. c7 Be5 42. Qc5 Bxf4 43. gxf4 Bc4 44. Qxd4+ Kg8 45. Qd6 Qf8 46. Qd7 Qe8 47. Qxe8+ Rxe8 48. Rd1 Be6 49. Rd8 1-0

[Event "USA tt"]
[Site "ICC INT"]
[Date "2015.10.20"]
[Round "9"]
[White "Cunningham, Robin J"]
[Black "Harris, Ian"]
[Result "1-0"]
[WhiteElo "2219"]
[BlackElo "2160"]
[PlyCount "73"]
[EventDate "2015.08.25"]
[EventType "team-swiss"]
[EventRounds "10"]
[EventCountry "USA"]
[SourceTitle "EXT 2017"]
[Source "ChessBase"]
[SourceDate "2016.10.25"]
[SourceVersion "1"]
[SourceVersionDate "2016.10.25"]
[SourceQuality "1"]
[WhiteTeam "Carolina"]
[BlackTeam "Connecticut"]
[WhiteTeamCountry "USA"]
[BlackTeamCountry "USA"]

1. e4 e5 2. Nf3 Nc6 3. Nc3 Bc5 4. Nxe5 Nxe5 5. d4 Bd6 6. dxe5 Bxe5 7. Bd3 d6 8. 0-0 Qh4 9. f4 Bd4+ 10. Kh1 Bb6 11. Qe1 Qxe1 12. Rxe1 Nf6 13. Be3 Bxe3 14. Rxe3 Bd7 15. Nd5 0-0-0 16. Nxf6 gxf6 17. Kg1 Rde8 18. Kf2 Bc6 19. Rae1 Rhg8 20. g3 h6 21. Bc4 Re7 22. a3 Rge8 23. c3 Kd7 24. Bd5 Bxd5 25. exd5 f5 26. Rxe7+ Rxe7 27. Rxe7+ Kxe7 28. Ke3 Kd7 29. Kd4 c6 30. dxc6+ Kxc6 31. c4 a6 32. b3 b6 33. b4 b5 34. Kd3 d5 35. c5 f6 36. Kd4 h5 37. h3 1-0

[Event "USA tt"]
[Site "ICC INT"]
[Date "2015.09.15"]
[Round "4"]
[White "Cunningham, Robin J"]
[Black "Nakada, Akira W"]
[Result "1-0"]
[WhiteElo "2219"]
[BlackElo "1888"]
[PlyCount "117"]
[EventDate "2015.08.25"]
[EventType "team-swiss"]
[EventRounds "10"]
[EventCountry "USA"]
[SourceTitle "EXT 2016"]
[Source "ChessBase"]
[SourceDate "2015.10.08"]
[SourceVersion "1"]
[SourceVersionDate "2015.10.08"]
[SourceQuality "1"]
[WhiteTeam "Carolina"]
[BlackTeam "Manhattan"]
[WhiteTeamCountry "USA"]
[BlackTeamCountry "USA"]

1. e4 e6 2. d4 d5 3. Nd2 c5 4. exd5 Qxd5 5. dxc5 Bxc5 6. Ngf3 Nf6 7. Bc4 Qd8 8. Qe2 0-0 9. 0-0 Nc6 10. Ne4 Be7 11. Rd1 Qc7 12. Bg5 Nxe4 13. Qxe4 Bd6 14. Rd3 Re8 15. Rad1 Bf8 16. Bf4 Qb6 17. Ng5 g6 18. Rh3 Qxb2 19. Rxh7 Bg7 20. Bd3 e5 21. Bc4 Bf5 22. Bxf7+ Kf8 23. Qd5 exf4 24. Bxe8 Qf6 25. Rh8+ Bxh8 26. Nh7+ Ke7 27. Nxf6 Kxf6 28. Bxc6 Be6 29. Qd6 bxc6 30. Re1 Re8 31. Qxf4+ Kg7 32. Qc7+ Kh6 33. Qxc6 Bd7 34. Rxe8 Bxc6 35. Rxh8+ Kg7 36. Rc8 Bd5 37. Rc7+ Kf6 38. Rxa7 Ke6 39. Ra6+ Kf7 40. f3 Bc4 41. Rb6 Bxa2 42. Kf2 Be6 43. Rxe6 Kxe6 44. Ke3 Kd5 45. f4 Ke6 46. Ke4 Kd6 47. g4 Ke6 48. h4 Kf6 49. c4 Ke6 50. c5 Kf6 51. h5 gxh5 52. gxh5 Kg7 53. c6 Kf7 54. c7 Kf6 55. c8Q Kg7 56. Kf5 Kf7 57. Qd7+ Kg8 58. Kg6 Kf8 59. Qd8# 1-0

[Event "USA tt"]
[Site "ICC INT"]
[Date "2014.09.30"]
[Round "6"]
[White "Francisco, Richard"]
[Black "Cunningham, Robin J"]
[Result "1-0"]
[WhiteElo "2281"]
[BlackElo "2265"]
[PlyCount "79"]
[EventDate "2014.08.26"]
[EventType "team-tourn"]
[EventRounds "10"]
[EventCountry "USA"]
[SourceTitle "CBM 162 Extra"]
[Source "ChessBase"]
[SourceDate "2014.10.17"]
[SourceVersion "1"]
[SourceVersionDate "2014.10.17"]
[SourceQuality "1"]
[WhiteTeam "Atlanta"]
[BlackTeam "Carolina"]
[WhiteTeamCountry "USA"]
[BlackTeamCountry "USA"]

1. e4 c6 2. d4 d5 3. e5 Bf5 4. h4 h5 5. Bg5 Qb6 6. Bd3 Bxd3 7. Qxd3 e6 8. Nf3 c5 9. dxc5 Bxc5 10. 0-0 Nc6 11. Nc3 a6 12. a3 Qc7 13. Rfe1 Nge7 14. b4 Ba7 15. b5 Na5 16. bxa6 bxa6 17. Bxe7 Kxe7 18. Nxd5+ exd5 19. e6 fxe6 20. Qg6 Kf8 21. Ng5 Bxf2+ 22. Kxf2 Qa7+ 23. Kg3 Rh6 24. Nxe6+ Kg8 25. Qf5 Qd7 26. Rad1 Qd6+ 27. Nf4 Qxa3+ 28. Rd3 Qb4 29. Qxd5+ Kh7 30. Re4 Qb7 31. Qf5+ Kg8 32. Rde3 Rf8 33. Re8 Rhf6 34. Rxf8+ Rxf8 35. Qxa5 Qc8 36. Qd5+ Rf7 37. Qxh5 Qb8 38. Qe5 Qb4 39. Qe8+ Rf8 40. Qe6+ 1-0

[Event "USA tt"]
[Site "ICC INT"]
[Date "2013.09.11"]
[Round "3"]
[White "Viswanadha, Kesav"]
[Black "Cunningham, Robin J"]
[Result "1/2-1/2"]
[WhiteElo "2134"]
[BlackElo "2266"]
[PlyCount "80"]
[EventDate "2013.08.27"]
[EventType "team-tourn"]
[EventRounds "10"]
[EventCountry "USA"]
[SourceTitle "CBM 156 Extra"]
[Source "ChessBase"]
[SourceDate "2013.10.22"]
[SourceVersion "1"]
[SourceVersionDate "2013.10.22"]
[SourceQuality "1"]
[WhiteTeam "San Francisco"]
[BlackTeam "Carolina"]
[WhiteTeamCountry "USA"]
[BlackTeamCountry "USA"]

1. e4 c6 2. d4 d5 3. e5 Bf5 4. Nf3 e6 5. Be2 c5 6. Be3 cxd4 7. Nxd4 Ne7 8. Nd2 Nbc6 9. N2f3 Be4 10. 0-0 Nf5 11. Nxf5 Bxf5 12. c4 dxc4 13. Bxc4 Be7 14. Qe2 0-0 15. Rfd1 Qc7 16. Rac1 Rfd8 17. Bb5 Bg4 18. Rxd8+ Rxd8 19. Bf4 Qa5 20. Bxc6 bxc6 21. a3 Qd5 22. h3 Bxf3 23. Qxf3 Qxf3 24. gxf3 c5 25. Be3 Rd5 26. f4 f6 27. exf6 Bxf6 28. b4 cxb4 29. axb4 a5 30. bxa5 Rxa5 31. Rc5 Rxc5 32. Bxc5 Kf7 33. Kg2 Kg6 34. Kg3 Kf5 35. Kf3 Bc3 36. Be3 Ba5 37. Bd4 g6 38. Be3 Bc7 39. Bd2 Bb6 40. Bc1 Bc5 1/2-1/2

[Event "San Francisco TNM Summer op"]
[Site "San Francisco"]
[Date "2011.07.12"]
[Round "8"]
[White "Byambaa, Uyanga"]
[Black "Cunningham, Robin J"]
[Result "1/2-1/2"]
[WhiteElo "2050"]
[BlackElo "2274"]
[PlyCount "101"]
[EventDate "2011.05.24"]
[EventType "swiss"]
[EventRounds "8"]
[EventCountry "USA"]
[SourceTitle "EXT 2016"]
[Source "ChessBase"]
[SourceDate "2015.10.08"]
[SourceVersion "1"]
[SourceVersionDate "2015.10.08"]
[SourceQuality "1"]

1. e4 Nf6 2. Nc3 e5 3. Nf3 Nc6 4. d4 Bb4 5. d5 Nb8 6. Bd3 Bxc3+ 7. bxc3 d6 8. h3 c6 9. c4 0-0 10. 0-0 cxd5 11. cxd5 Nbd7 12. Ba3 Qc7 13. Nd2 Nc5 14. Re1 Bd7 15. Rb1 Rab8 16. Nb3 b5 17. Qd2 Rfc8 18. Re3 Ne8 19. Rg3 Nxd3 20. cxd3 Qc2 21. Rb2 Qxd2 22. Rxd2 b4 23. Bb2 a5 24. Nxa5 Ra8 25. Nc4 Rxa2 26. Nb6 Rc7 27. Nxd7 Rxd7 28. d4 Nf6 29. dxe5 dxe5 30. Rc2 Kf8 31. Rc8+ Ke7 32. Bxe5 Nxe4 33. Re3 f5 34. f3 Rxd5 35. Bf4 Rd1+ 36. Kh2 Rdd2 37. fxe4 Rxg2+ 38. Kh1 Rgf2 39. exf5+ Kf7 40. Rc7+ Kf6 41. Be5+ Kxf5 42. Rf7+ Kg6 43. Rxg7+ Kh6 44. Rg1 Ra3 45. Bg7+ Kh5 46. Re5+ Kh4 47. Re4+ Kxh3 48. Be5 Raf3 49. Rxb4 Rf1 50. Rb2 Rxg1+ 51. Kxg1 1/2-1/2

[Event "San Francisco TNM Summer op"]
[Site "San Francisco"]
[Date "2011.07.05"]
[Round "7"]
[White "Buscara, Sevan"]
[Black "Cunningham, Robin J"]
[Result "1/2-1/2"]
[WhiteElo "2516"]
[BlackElo "2274"]
[PlyCount "21"]
[EventDate "2011.05.24"]
[EventType "swiss"]
[EventRounds "8"]
[EventCountry "USA"]
[SourceTitle "EXT 2016"]
[Source "ChessBase"]
[SourceDate "2015.10.08"]
[SourceVersion "1"]
[SourceVersionDate "2015.10.08"]
[SourceQuality "1"]

1. d4 f5 2. Bg5 h6 3. Bh4 g5 4. Bg3 Nf6 5. e3 e6 6. Nc3 d6 7. Bd3 Qe7 8. h4 Rg8 9. Qe2 Nc6 10. 0-0-0 Bd7 11. Bc4 1/2-1/2

[Event "La Florida CALF op"]
[Site "La Florida"]
[Date "2003.09.27"]
[Round "1.1"]
[White "Torres, Gonzalo"]
[Black "Cunningham, Robin J"]
[Result "0-1"]
[WhiteElo "2291"]
[BlackElo "1901"]
[PlyCount "46"]
[EventDate "2003.09.27"]
[EventType "swiss"]
[EventRounds "6"]
[EventCountry "CHI"]
[SourceTitle "CBM 097 Extra"]
[Source "ChessBase"]
[SourceDate "2004.01.13"]
[SourceVersion "1"]
[SourceVersionDate "2004.01.13"]
[SourceQuality "1"]

1. e4 Nf6 2. e5 Nd5 3. d4 d6 4. exd6 cxd6 5. c3 Nc6 6. Bd3 g6 7. Ne2 Bg7 8. Bg5 h6 9. Bh4 Qb6 10. Qb3 Be6 11. Qxb6 Nxb6 12. Na3 g5 13. Bg3 a6 14. Nc2 f5 15. f4 Na4 16. b3 Nb2 17. Kd2 Nxd3 18. Kxd3 Bd5 19. Ne3 Be4+ 20. Kd2 e5 21. Nc4 0-0-0 22. fxe5 dxe5 23. Bf2 exd4 0-1

[Event "USA-chT Amateur East"]
[Site "Parsippany"]
[Date "2000.03.20"]
[Round "4"]
[White "Cunningham, Robin J"]
[Black "Radomskyj, Peter"]
[Result "1/2-1/2"]
[WhiteElo "2297"]
[BlackElo "2248"]
[PlyCount "100"]
[EventDate "2000.03.19"]
[EventType "team"]
[EventRounds "6"]
[EventCountry "USA"]
[SourceTitle "EXT 2001"]
[Source "ChessBase"]
[SourceDate "2000.11.22"]
[SourceVersion "1"]
[SourceVersionDate "2000.11.22"]
[SourceQuality "1"]

1. d4 Nf6 2. Bg5 Ne4 3. Bf4 d5 4. e3 Bf5 5. f3 Nf6 6. g4 Bc8 7. Bd3 e6 8. Ne2 c5 9. c3 Nc6 10. Nd2 Bd6 11. g5 Bxf4 12. Nxf4 Nd7 13. h4 cxd4 14. cxd4 0-0 15. a3 e5 16. Nxd5 exd4 17. e4 f5 18. gxf6 Nxf6 19. Nxf6+ Qxf6 20. Qe2 Be6 21. 0-0-0 Rac8 22. Kb1 Ne5 23. Rdf1 Qf4 24. Re1 Rfd8 25. Ka1 Qe3 26. Bb1 Qxe2 27. Rxe2 Rf8 28. Rf2 Rf4 29. Rg1 Rcf8 30. Rfg2 R8f7 31. Rg5 Nxf3 32. Nxf3 Rxf3 33. Re5 Bc4 34. Rc1 b5 35. Ba2 Bxa2 36. Kxa2 Rd7 37. Rxb5 d3 38. Rd1 Re3 39. Rd5 Rxd5 40. exd5 Kf7 41. Kb3 Ke7 42. Kc3 Kd6 43. Rg1 g6 44. h5 gxh5 45. Rh1 Re5 46. Kxd3 Rxd5+ 47. Ke4 h6 48. b4 Rg5 49. Rd1+ Kc7 50. Rf1 Rg6 1/2-1/2

[Event "National op"]
[Site "Las Vegas"]
[Date "1997.??.??"]
[Round "3"]
[White "Cunningham, Robin J"]
[Black "Walsh, Philip F"]
[Result "1/2-1/2"]
[WhiteElo "2400"]
[BlackElo "2215"]
[PlyCount "43"]
[EventDate "1997.08.03"]
[EventType "swiss"]
[EventRounds "6"]
[EventCountry "USA"]
[SourceTitle "CBM 058 Extra"]
[Source "ChessBase"]
[SourceDate "1997.07.29"]
[SourceVersion "1"]
[SourceVersionDate "1997.07.29"]
[SourceQuality "1"]

1. e4 c6 2. d4 d5 3. exd5 cxd5 4. c4 Nf6 5. Nc3 e6 6. Nf3 Be7 7. cxd5 Nxd5 8. Bd3 0-0 9. 0-0 Nc6 10. Re1 Bf6 11. Be4 Nce7 12. Ne5 g6 13. Bh6 Bg7 14. Bxg7 Kxg7 15. Bf3 b6 16. Qb3 Bb7 17. Rad1 Rc8 18. Ne4 Rc7 19. Ng5 Bc8 20. Ne4 Bb7 21. Ng5 Bc8 22. Ne4 1/2-1/2

[Event "California-ch"]
[Site "California"]
[Date "1997.??.??"]
[Round "?"]
[White "Margulis, Igor"]
[Black "Cunningham, Robin J"]
[Result "1/2-1/2"]
[WhiteElo "2270"]
[BlackElo "2315"]
[PlyCount "51"]
[EventDate "1997.??.??"]
[EventType "tourn"]
[EventRounds "7"]
[EventCountry "USA"]
[SourceTitle "EXT 1999"]
[Source "ChessBase"]
[SourceDate "1998.11.16"]
[SourceVersion "1"]
[SourceVersionDate "1998.11.16"]
[SourceQuality "1"]

1. e4 Nf6 2. e5 Nd5 3. d4 d6 4. exd6 cxd6 5. g3 Nf6 6. Bg2 g6 7. Ne2 Bg7 8. c4 0-0 9. Nbc3 e5 10. 0-0 Nc6 11. b3 exd4 12. Nxd4 Nxd4 13. Qxd4 Ne4 14. Qxe4 Bxc3 15. Rb1 Bf5 16. Qf3 Bg7 17. Bf4 Bxb1 18. Rxb1 Qa5 19. a4 Rfe8 20. b4 Qxa4 21. Qxb7 Qa2 22. Rf1 Rab8 23. Qc6 Rbc8 24. Qb7 Rb8 25. Qc6 Rbc8 26. Qb7 1/2-1/2